000 00333nam a2200133 i 4500
001 bg
100 1 _aKARAŚ, Wanda
245 0 _aNiektóre problemy teorii cen w gospodarce socjalistycznej /
_cW. Karaś.
260 _aKraków,
_c1979.
040 _cBPK
041 _apol
942 _cKS
008 s pl f |000 0 pol
999 _c18810
_d18810
856 _uhttp://koha.tu.koszalin.pl/cgi-bin/koha/opac-detail.pl?biblionumber=18810
_yKatalog online BPK